<?xml version="1.0" encoding="UTF-8"?>
<collection xmlns="http://www.loc.gov/MARC21/slim">
 <record>
  <leader>07332nam a2200385 a 4500</leader>
  <controlfield tag="001">kal3273</controlfield>
  <controlfield tag="003">Gr-AtHEAL</controlfield>
  <controlfield tag="005">20160422075414.0</controlfield>
  <controlfield tag="006">m        d        </controlfield>
  <controlfield tag="008">160413s2015    gr      s           gre|c</controlfield>
  <datafield tag="020" ind1=" " ind2=" ">
   <subfield code="a">9789606031434</subfield>
  </datafield>
  <datafield tag="040" ind1=" " ind2=" ">
   <subfield code="a">GR-AtHEAL</subfield>
   <subfield code="b">gre</subfield>
   <subfield code="c">GR-AtHEAL</subfield>
  </datafield>
  <datafield tag="082" ind1="0" ind2="4">
   <subfield code="a">551.5</subfield>
   <subfield code="2">23</subfield>
  </datafield>
  <datafield tag="100" ind1="1" ind2=" ">
   <subfield code="a">Χαλδούπης, Χρήστος.</subfield>
   <subfield code="8">1194</subfield>
  </datafield>
  <datafield tag="245" ind1="1" ind2="0">
   <subfield code="a">Εισαγωγή στην ατμοσφαιρική φυσική</subfield>
   <subfield code="h">[Ηλεκτρονικός πόρος] </subfield>
   <subfield code="b">Εισαγωγικά στοιχεία επιλεγμένων θεμάτων φυσικής της κατώτερης ατμόσφαιρας</subfield>
   <subfield code="c">Χαλδούπης, Χρήστος ; Κριτικός αναγνώστης,Χρηστάκης, Νικόλαος ; Τεχνική επιμέλεια,Γκικόπουλος, Νικόλαος.</subfield>
  </datafield>
  <datafield tag="260" ind1=" " ind2=" ">
   <subfield code="a">Αθήνα :</subfield>
   <subfield code="b">Σύνδεσμος Ελληνικών Ακαδημαϊκών Βιβλιοθηκών,</subfield>
   <subfield code="c">c2015.</subfield>
  </datafield>
  <datafield tag="490" ind1=" " ind2=" ">
   <subfield code="a">Ακαδημαϊκά Ηλεκτρονικά Συγγράμματα και Βοηθήματα Κάλλιπος</subfield>
   <subfield code="8">40</subfield>
  </datafield>
  <datafield tag="505" ind1="0" ind2=" ">
   <subfield code="a">Κεφάλαιο 1. Η ατμόσφαιρα της γης (χημική σύσταση, προέλευση, μεταβολή θερμοκρασίας με το ύψος, μεταβολή της μάζας με το ύψος, ομόσφαιρα και ετερόσφαιρα, διαφυγή ελαφρών συστατικών-εξώσφαιρα, ατμοσφαιρικός ηλεκτρισμός - κεραυνοί, ιονόσφαιρα, μαγνητόσφαιρα)Κεφάλαιο 2. Η Ατμόσφαιρα σε υδροστατική ισορροπία (πεδίο βαρύτητας της γης, γεωδυναμικό, υδροστατική εξίσωση της ατμόσφαιρας και εφαρμογές, ισόθερμη ατμόσφαιρα, διαχωρισμός αέριων συστατικών με το ύψος – μοριακή διάχυση) Κεφάλαιο 3. Ατμοσφαιρική θερμοδυναμική (εφαρμογή των νόμων ιδανικών αερίων στον αέρα, παράμετροι υγρασίας, εφαρμογή των νόμων της θερμοδυναμικής στην ατμόσφαιρα, θερμοδυναμική νεφών, θερμοδυναμικές μεταβολές αερίων μαζών, ατμοσφαιρική ευστάθεια, διάγραμμα Stüve) Κεφάλαιο 4. Φυσική των νεφών ( μορφολογία νεφών, ατμοσφαιρικά αιωρήματα, ομογενής και ετερογενής υδροσυμπύκνωση, εξίσωση Koehler και εφαρμογές, μηχανισμοί αύξησης σταγονιδίων στα νέφη, μηχανισμοί βροχοπτώσεων) Κεφάλαιο 5. Δυναμική της Ατμόσφαιρας (δυνάμεις κίνησης αερίων μαζών, δύναμη Coriolis, τριβής και βαροβαθμίδας, θεωρητική περιγραφή, εξισώσεις κίνησης, και εφαρμογές, γεωστροφικός, υπό- και υπέρ-γεωστροφικός άνεμος, άνεμος βαροβαθμίδας, αρχή θερμικής κυκλοφορίας και δημιουργία βαροβαθμίδων, πλανητική κυκλοφορία)Κεφάλαιο 6. Ατμοσφαιρικός ηλεκτρισμός (ατμοσφαιρικά φορτία, αγωγιμότητα και ηλεκτρικά πεδία, το ηλεκτρικό σύστημα γης-aτμόσφαιρας, ηλεκτρικές εκκενώσεις-κεραυνοί, παγκόσμιοηλεκτρικό κύκλωμα, μεταβατικά οπτικά συμβάντα, sprites, elves) Κεφάλαιο 7. Ακτινοβολία στην ατμόσφαιρα (νόμοι ακτινοβολίας μέλανος σώματος, ηλιακή ακτινοβολία, ατμοσφαιρική απορρόφηση ηλιακής ακτινοβολίας, φωτοϊονισμός, φωτοδιάσπαση, όζον και ηλιακή ακτινοβολία, γήινη ακτινοβολία, ατμοσφαιρική απορρόφηση γήινης ακτινοβολίας, φαινόμενο θερμοκηπίου, σχηματισμός ιονόσφαιρας, μηχανισμοί παραγωγής και απώλειας ιονισμού, ιονοσφαιρικές περιοχές).</subfield>
  </datafield>
  <datafield tag="520" ind1=" " ind2=" ">
   <subfield code="a">Το σύγγραμμα: «Εισαγωγή στην Ατμοσφαιρική Φυσική», επικεντρώνεται σε επιλεγμένα θέματα, εστιάζοντας, μέσω βατής μαθηματικής ανάλυσης και φυσικών περιγραφών, στις βασικές έννοιες και αρχές ατμοσφαιρικών διεργασιών και φαινομένων. Πέραν του πρώτου κεφαλαίου, το οποίο περιλαμβάνει βασικό εισαγωγικό υλικό για την ατμόσφαιρα της γης, η ύλη κατανέμεται σε έξι κεφάλαια τα οποία διαπραγματεύονται θεματικά αντικείμενα που εμπίπτουν κυρίως στη φυσική της κατώτερης ατμόσφαιρας. Αυτά περιλαμβάνουν στοιχεία: ατμοσφαιρικής υδροστατικής, ατμοσφαιρικής θερμοδυναμικής, μικροφυσικής νεφών, δυναμικής μετεωρολογίας, ατμοσφαιρικού ηλεκτρισμού, και ηλεκτρομαγνητικής ακτινοβολίας (ηλιακής και γήινης) στην ατμόσφαιρα. Το παρόν βιβλίο μπορεί να αποτελέσει κύριο βοήθημα μελέτης ενός εισαγωγικού μαθήματος Ατμοσφαιρικής Φυσικής. Απευθύνεται κυρίως σε προπτυχιακούς φοιτητές Φυσικής, αλλά και συγγενών τμημάτων των θετικών επιστημών.</subfield>
  </datafield>
  <datafield tag="650" ind1=" " ind2="0">
   <subfield code="a">Atmospheric physics</subfield>
   <subfield code="8">2148</subfield>
  </datafield>
  <datafield tag="653" ind1=" " ind2=" ">
   <subfield code="a">Ιονόσφαιρα</subfield>
  </datafield>
  <datafield tag="653" ind1=" " ind2=" ">
   <subfield code="a">Ατμοσφαιρική δυναμική</subfield>
  </datafield>
  <datafield tag="653" ind1=" " ind2=" ">
   <subfield code="a">Μικροφυσική νεφών</subfield>
  </datafield>
  <datafield tag="653" ind1=" " ind2=" ">
   <subfield code="a">Ατμοσφαιρική θερμοδυναμική</subfield>
  </datafield>
  <datafield tag="653" ind1=" " ind2=" ">
   <subfield code="a">Ατμοσφαιρικός ηλεκτρισμός</subfield>
  </datafield>
  <datafield tag="653" ind1=" " ind2=" ">
   <subfield code="a">Ηλιακή και γιήνη ακτινοβολία</subfield>
  </datafield>
  <datafield tag="653" ind1=" " ind2=" ">
   <subfield code="a">Ατμοσφαιρική φυσική</subfield>
  </datafield>
  <datafield tag="653" ind1=" " ind2=" ">
   <subfield code="a">Επιστήμες της γης</subfield>
   <subfield code="a">Μετεωρολογία</subfield>
  </datafield>
  <datafield tag="653" ind1=" " ind2=" ">
   <subfield code="a">Επιστήμες της γης</subfield>
  </datafield>
  <datafield tag="700" ind1="1" ind2=" ">
   <subfield code="a">Χρηστάκης, Νικόλαος</subfield>
   <subfield code="e">Κριτικός αναγνώστης</subfield>
   <subfield code="8">1195</subfield>
  </datafield>
  <datafield tag="856" ind1="4" ind2="0">
   <subfield code="u">http://hdl.handle.net/11419/3273</subfield>
   <subfield code="z">Πλήρες Κείμενο - Full text</subfield>
  </datafield>
  <datafield tag="907" ind1=" " ind2=" ">
   <subfield code="a">.b25679478</subfield>
   <subfield code="b">12-06-18</subfield>
   <subfield code="c">29-07-16</subfield>
  </datafield>
  <datafield tag="949" ind1=" " ind2=" ">
   <subfield code="0">0</subfield>
   <subfield code="1">0</subfield>
   <subfield code="2">ddc</subfield>
   <subfield code="4">0</subfield>
   <subfield code="6">551_500000000000000_ΧΑΛ</subfield>
   <subfield code="7">0</subfield>
   <subfield code="8">KALL</subfield>
   <subfield code="8">706</subfield>
   <subfield code="d">2016-04-13</subfield>
   <subfield code="r">2016-04-13</subfield>
   <subfield code="w">2016-04-13</subfield>
   <subfield code="z">551.5 ΧΑΛ</subfield>
   <subfield code="o">SEAB KALLIPOS</subfield>
  </datafield>
  <datafield tag="998" ind1=" " ind2=" ">
   <subfield code="a">80</subfield>
   <subfield code="a">01</subfield>
   <subfield code="a">02</subfield>
   <subfield code="a">03</subfield>
   <subfield code="a">04</subfield>
   <subfield code="a">05</subfield>
   <subfield code="a">06</subfield>
   <subfield code="a">07</subfield>
   <subfield code="a">08</subfield>
   <subfield code="a">09</subfield>
   <subfield code="a">10</subfield>
   <subfield code="a">11</subfield>
   <subfield code="a">12</subfield>
   <subfield code="a">13</subfield>
   <subfield code="a">14</subfield>
   <subfield code="a">15</subfield>
   <subfield code="a">16</subfield>
   <subfield code="a">17</subfield>
   <subfield code="a">18</subfield>
   <subfield code="a">19</subfield>
   <subfield code="a">20</subfield>
   <subfield code="a">21</subfield>
   <subfield code="a">22</subfield>
   <subfield code="a">23</subfield>
   <subfield code="a">24</subfield>
   <subfield code="a">25</subfield>
   <subfield code="a">26</subfield>
   <subfield code="b">15-05-17</subfield>
   <subfield code="c">m</subfield>
   <subfield code="d">z  </subfield>
   <subfield code="e">-</subfield>
   <subfield code="f">gre</subfield>
   <subfield code="g">gr </subfield>
   <subfield code="h">0</subfield>
  </datafield>
  <datafield tag="942" ind1=" " ind2=" ">
   <subfield code="2">ddc</subfield>
   <subfield code="c">KALLIPOS</subfield>
  </datafield>
 </record>
</collection>
